000 00416cam a2200169ua 4500
020 _c25.00
041 _aeng
_h
082 _a420
_bCLO/EN
100 _aClose , R.A .
245 _aEnglish as a foreign language /
_cR.A Close.
_hTextual Documents
260 _aLondon :
_bGeorge Allen & Unwin Ltd ,
_c1964.
300 _a177 ; .
365 _a25.00
504 _a
942 _cBK
999 _c12429
_d12429